[Event "Titled Tue 3rd Jan Late"]
[Site "chess.com INT"]
[Date "2025.06.03"]
[Round "7"]
[White "Drygalov, Andrey"]
[Black "Horobetz, Graham"]
[Result "1-0"]
[WhiteTitle "GM"]
[WhiteElo "2431"]
[BlackElo "2250"]
[WhiteFideId "24171735"]
[BlackFideId "2047322"]
[EventDate "2025.06.03"]

1. e4 c5 2. Nf3 d6 3. d4 cxd4 4. Nxd4 Nf6 5. Nc3 a6 6. Be3 e5 7. Nb3 Be7 8. f3
Be6 9. Qd2 h5 10. Nd5 Nxd5 11. exd5 Bf5 12. Be2 Bh4+ 13. g3 Be7 14. O-O Nd7 15.
Na5 Qc7 16. c4 Nf6 17. b4 O-O 18. Rac1 Rfd8 19. Rfd1 Bf8 20. Bg5 Be7 21. Qe3 Bd7
22. Bd3 b6 23. Nb3 a5 24. bxa5 bxa5 25. Bxf6 Bxf6 26. c5 a4 27. cxd6 Qxd6 28.
Nc5 Rdc8 29. Ne4 Qe7 30. Bc4 Bf5 31. d6 Qd8 32. d7 Rc7 33. Bxf7+ Kxf7 34. Nd6+
Kg6 35. Rxc7 Qxc7 36. Nxf5 Rd8 37. Qd3 Kf7 38. Nd6+ Ke7 39. Nc8+ Kf7 40. Qd5+
Kg6 41. Nd6 Rxd7 42. Qd3+ Kh6 43. Nf5+ 1-0

[Event "Titled Tue 3rd Jan Late"]
[Site "chess.com INT"]
[Date "2025.06.03"]
[Round "7"]
[White "Odegov, Artem"]
[Black "Kalyani Sirin"]
[Result "0-1"]
[WhiteTitle "FM"]
[BlackTitle "WFM"]
[WhiteElo "2244"]
[BlackElo "2136"]
[WhiteFideId "34183644"]
[BlackFideId "33323500"]
[EventDate "2025.06.03"]

1. d4 Nf6 2. c4 g6 3. Nc3 d5 4. Bf4 Bg7 5. Qa4+ Bd7 6. Qb3 Bc6 7. e4 dxc4 8.
Bxc4 Nxe4 9. Bxf7+ Kf8 10. Nf3 Nxc3 11. bxc3 Bxf3 12. gxf3 Nd7 13. Rd1 Nb6 14.
O-O a5 15. Rfe1 a4 16. Qe6 Ra6 17. d5 Nc8 18. d6 cxd6 19. Bg5 d5 20. Rxd5 Rxe6
21. Bxe6 Nd6 22. c4 Qc7 23. c5 Ne8 24. Bd7 Nf6 25. c6 Nxd5 26. Rd1 bxc6 27. Be6
Bf6 28. Bh6+ Bg7 29. Bg5 Qe5 30. Rb1 Qxe6 0-1

[Event "Titled Tue 3rd Jan Late"]
[Site "chess.com INT"]
[Date "2025.06.03"]
[Round "7"]
[White "Caprio, Guido"]
[Black "Sharankov, Grigory"]
[Result "1-0"]
[WhiteTitle "IM"]
[BlackTitle "CM"]
[WhiteElo "2435"]
[BlackElo "2238"]
[WhiteFideId "834580"]
[BlackFideId "4168356"]
[EventDate "2025.06.03"]

1. c3 e6 2. e4 d5 3. e5 c5 4. d4 Nc6 5. Nf3 Qb6 6. a3 c4 7. Nbd2 f6 8. g3 fxe5
9. dxe5 Bc5 10. Qe2 Nh6 11. Bh3 O-O 12. O-O Bd7 13. Rb1 Nf5 14. b3 cxb3 15. Nxb3
Be8 16. Bf4 Bh5 17. g4 Nfe7 18. Nxc5 Qxc5 19. Be3 Qc4 20. Qxc4 dxc4 21. gxh5
Rxf3 22. Bxe6+ Kh8 23. Rxb7 Nf5 24. Bd5 Nxe5 25. Bxf3 Nxf3+ 26. Kg2 N3h4+ 27.
Kh3 Rf8 28. Bc5 Re8 29. Re1 Rd8 30. Rd7 Rb8 31. Bxa7 Rc8 32. Re4 h6 33. Rxh4
Nxh4 34. Kxh4 1-0

[Event "Titled Tue 3rd Jan Late"]
[Site "chess.com INT"]
[Date "2025.06.03"]
[Round "7"]
[White "Yazici, Ugur Doga"]
[Black "Thake, Conrad"]
[Result "1-0"]
[WhiteTitle "CM"]
[BlackTitle "CM"]
[WhiteElo "2161"]
[BlackElo "1873"]
[WhiteFideId "6363342"]
[BlackFideId "5602947"]
[EventDate "2025.06.03"]

1. e4 c5 2. Nf3 Nc6 3. Nc3 d6 4. Bb5 Bd7 5. O-O a6 6. Bxc6 bxc6 7. d4 cxd4 8.
Nxd4 c5 9. Nf3 Nf6 10. e5 dxe5 11. Nxe5 e6 12. Qf3 Ra7 13. Rd1 Be7 14. Nc6 Qc7
15. Nxe7 Kxe7 16. Bg5 Bc6 17. Qe3 Bb7 18. Nd5+ Bxd5 19. Rxd5 c4 20. Rad1 h6 21.
Rd7+ Qxd7 22. Rxd7+ Rxd7 23. Qc5+ Ke8 24. Qc8+ Rd8 25. Qc6+ Rd7 26. Be3 Ke7 27.
Bc5+ Ke8 28. h3 Nd5 29. Ba3 h5 30. Qc8+ Rd8 31. Qxa6 Rh6 32. Qc6+ Rd7 33. Qxc4
Rc7 34. Qb5+ Rd7 35. c4 1-0

[Event "Titled Tue 3rd Jan Late"]
[Site "chess.com INT"]
[Date "2025.06.03"]
[Round "7"]
[White "Rosen, Eric"]
[Black "Ezat, Mohamed"]
[Result "1-0"]
[WhiteTitle "IM"]
[BlackTitle "IM"]
[WhiteElo "2377"]
[BlackElo "2296"]
[WhiteFideId "2032562"]
[BlackFideId "10600906"]
[EventDate "2025.06.03"]

1. d4 Nf6 2. Bf4 g6 3. Nc3 d5 4. e3 Bg7 5. h4 O-O 6. h5 c5 7. hxg6 hxg6 8. Qd2
Nc6 9. O-O-O Qa5 10. Kb1 Bf5 11. f3 Nb4 12. Bd3 Nxd3 13. cxd3 cxd4 14. exd4 Rfc8
15. g4 Be6 16. Nge2 Rc6 17. Bh6 Bh8 18. Nc1 Rac8 19. Nb3 Qb4 20. Qh2 Rxc3 21.
Bd2 Bg7 22. bxc3 Qd6 23. Bf4 Qd8 24. Rc1 Bd7 25. Bh6 Qf8 26. Bg5 Qd8 27. Ka1 b6
28. Bh6 Qf8 29. Bg5 Qd8 30. Rc2 a5 31. Bh6 Qf8 32. Bg5 Qd8 33. Qh4 Bb5 34. Rch2
Rxc3 35. Bxf6 Bxf6 36. g5 Bg7 37. Qh8+ 1-0

[Event "Titled Tue 3rd Jan Late"]
[Site "chess.com INT"]
[Date "2025.06.03"]
[Round "7"]
[White "Distaso, Antonio Pio"]
[Black "El Jawich, Amro"]
[Result "0-1"]
[BlackTitle "FM"]
[WhiteElo "2253"]
[BlackElo "2307"]
[WhiteFideId "805548"]
[BlackFideId "5300380"]
[EventDate "2025.06.03"]

1. e4 g6 2. d4 Bg7 3. Nc3 d5 4. exd5 Nf6 5. Bc4 c6 6. dxc6 Nxc6 7. Nge2 O-O 8.
Be3 Ng4 9. O-O Nxe3 10. fxe3 e5 11. d5 Na5 12. Bb3 Qb6 13. Qd3 Bh6 14. Rf3 Bf5
15. Ne4 Nxb3 16. axb3 Bxe4 17. Qxe4 f5 18. Qh4 Bxe3+ 19. Kh1 e4 20. Rh3 h5 21.
Nf4 Bxf4 22. Qxf4 Kg7 23. c4 Qf6 24. Rc3 g5 25. Qc7+ Rf7 26. Qc5 b6 27. Qe3 Re8
28. g3 f4 29. gxf4 gxf4 30. Rg1+ Kh6 31. Qh3 e3 32. Rc2 Qf5 33. Qf3 Qe4 34. Qxe4
Rxe4 35. Rcg2 f3 36. Rg6+ Kh7 37. R6g5 Kh6 38. Rg6+ Kh7 39. R6g5 Rh4 40. Re5 f2
41. Rf1 Rh3 42. Kg2 Rhf3 43. d6 h4 44. Re7 h3+ 45. Kh1 Kg7 46. d7 e2 0-1

[Event "Titled Tue 3rd Jan Late"]
[Site "chess.com INT"]
[Date "2025.06.03"]
[Round "7"]
[White "Becking, Stephan"]
[Black "Ali, Sebbar"]
[Result "0-1"]
[WhiteTitle "IM"]
[BlackTitle "IM"]
[WhiteElo "2410"]
[BlackElo "2400"]
[WhiteFideId "4632478"]
[BlackFideId "8100977"]
[EventDate "2025.06.03"]

1. d4 d5 2. Nf3 Nf6 3. c3 e6 4. Bg5 Be7 5. Nbd2 O-O 6. e3 Nbd7 7. Bd3 b6 8. O-O
Bb7 9. Qc2 c5 10. Ne5 h6 11. Nxd7 hxg5 12. Nxf8 Kxf8 13. Rae1 Rc8 14. Qd1 g6 15.
Qe2 Kg7 16. Nf3 Ne4 17. Nd2 Bd6 18. Nxe4 dxe4 19. Ba6 Bxa6 20. Qxa6 Qc7 21. g3
Rh8 22. Qe2 f5 23. f4 exf3 24. Qxf3 g4 25. Qg2 Rh3 26. Kf2 cxd4 27. exd4 f4 28.
Rxe6 f3 29. Qg1 Qc4 30. Rfe1 Bf8 31. Ke3 Qxe6+ 32. Kd2 Qxa2 33. Qe3 Qxb2+ 34.
Kd3 Qb5+ 35. c4 Qb3+ 36. Ke4 Qxe3+ 0-1

[Event "Titled Tue 3rd Jan Late"]
[Site "chess.com INT"]
[Date "2025.06.03"]
[Round "7"]
[White "Yanev, Tihomir"]
[Black "Golizadeh, Asghar"]
[Result "1-0"]
[WhiteTitle "IM"]
[BlackTitle "GM"]
[WhiteElo "2354"]
[BlackElo "2457"]
[WhiteFideId "2910110"]
[BlackFideId "12505269"]
[EventDate "2025.06.03"]

1. e4 c5 2. Nc3 Nc6 3. g3 g6 4. Bg2 Bg7 5. d3 d6 6. f4 e6 7. Nf3 Nge7 8. O-O O-O
9. Be3 Nd4 10. Rb1 a6 11. Ne2 Nec6 12. c3 Nxf3+ 13. Bxf3 d5 14. Bxc5 Re8 15. e5
Qa5 16. b4 Qxa2 17. Nd4 Nxd4 18. Bxd4 Bd7 19. g4 Qa4 20. Qd2 Rf8 21. f5 exf5 22.
gxf5 Bxf5 23. Bxd5 Qd7 24. Bg2 Rad8 25. Rbe1 Qb5 26. Be4 Be6 27. Bc5 Rfe8 28. d4
Bf8 29. Qg2 Rb8 30. Bxf8 Rxf8 31. d5 Bd7 32. e6 fxe6 33. Bxg6 Rxf1+ 34. Rxf1
Qb6+ 35. Kh1 exd5 36. Bxh7+ Kh8 37. Rf7 1-0

[Event "Titled Tue 3rd Jan Late"]
[Site "chess.com INT"]
[Date "2025.06.03"]
[Round "7"]
[White "Jumabayev, Rinat"]
[Black "Mikhalevski, Victor"]
[Result "1-0"]
[WhiteTitle "GM"]
[BlackTitle "GM"]
[WhiteElo "2551"]
[BlackElo "2513"]
[WhiteFideId "13702661"]
[BlackFideId "2801914"]
[EventDate "2025.06.03"]

1. Nf3 Nf6 2. g3 g6 3. Bg2 Bg7 4. c4 c6 5. b3 O-O 6. Bb2 d5 7. O-O a5 8. d3 a4
9. b4 dxc4 10. dxc4 Ne4 11. Bxg7 Kxg7 12. Qc2 Nf6 13. Nc3 a3 14. Rfd1 Qb6 15.
Rab1 Be6 16. c5 Qa6 17. Nd4 Qc4 18. b5 Qxc5 19. Nxe6+ fxe6 20. Qb3 Nd5 21. Ne4
Qxb5 22. Qc2 Qa6 23. Nc5 Qa5 24. Nxe6+ Kg8 25. Bxd5 cxd5 26. Nxf8 Kxf8 27. Qc8+
Kf7 28. Rxb7 Qa4 29. Rd3 Nc6 30. Rf3+ Kg7 31. Qe6 Rf8 32. Rxf8 Kxf8 33. Qxd5 Qa6
34. Qb5 Qxb5 35. Rxb5 Nd4 36. Rb8+ Kf7 37. Kf1 Ke6 38. Ra8 Nb5 39. Ra5 1-0

[Event "Titled Tue 3rd Jan Late"]
[Site "chess.com INT"]
[Date "2025.06.03"]
[Round "7"]
[White "Rozman, Levy"]
[Black "Garcia, Jhoel"]
[Result "1-0"]
[WhiteTitle "IM"]
[BlackTitle "IM"]
[WhiteElo "2324"]
[BlackElo "2304"]
[WhiteFideId "2039877"]
[BlackFideId "3801110"]
[EventDate "2025.06.03"]

1. d4 e6 2. Nf3 Nf6 3. Bg5 c5 4. e3 Qb6 5. Nbd2 d5 6. c4 Ne4 7. cxd5 exd5 8.
dxc5 Bxc5 9. Nxe4 dxe4 10. Qa4+ Nc6 11. Qxe4+ Be6 12. Bc4 Qb4+ 13. Nd2 O-O 14.
O-O-O Rac8 15. Bxe6 fxe6 16. Kb1 Kh8 17. Qxb4 Nxb4 18. Ne4 Nd5 19. Nxc5 Rxc5 20.
Bh4 Rb5 21. Rd3 Rc8 22. Rc1 Rxc1+ 23. Kxc1 h6 24. a3 a6 25. Bg3 Rb6 26. e4 Rc6+
27. Kd2 Nf6 28. f3 Nh5 29. Rb3 Nxg3 30. hxg3 b5 31. Rc3 Rd6+ 32. Rd3 Rb6 33. e5
Kh7 34. Rd6 Rxd6+ 35. exd6 Kg6 36. d7 1-0

[Event "Titled Tue 3rd Jan Late"]
[Site "chess.com INT"]
[Date "2025.06.03"]
[Round "7"]
[White "Rosenberg, Evan S"]
[Black "Winkels, Marcel"]
[Result "1-0"]
[BlackTitle "CM"]
[WhiteElo "1989"]
[BlackElo "1918"]
[WhiteFideId "2019299"]
[BlackFideId "1003887"]
[EventDate "2025.06.03"]

1. d4 Nf6 2. Nf3 c5 3. e3 g6 4. Be2 Bg7 5. O-O O-O 6. dxc5 Na6 7. Bxa6 bxa6 8.
b4 a5 9. a3 Ne4 10. Ra2 d6 11. Bb2 Bxb2 12. Rxb2 dxc5 13. Qd3 Bb7 14. bxa5 Bc6
15. Ne5 Qc7 16. Nxc6 Qxc6 17. Nc3 Nd6 18. Qd5 Qc7 19. Nb5 Qxa5 20. Nxd6 exd6 21.
Qxd6 Qxa3 22. Rb7 Qc3 23. Rc7 c4 24. Qc5 Qxc2 25. Qxc4 Qf5 26. h3 a5 27. Ra1
Rfc8 28. Rxc8+ Rxc8 29. Qa6 Rc5 30. Ra4 Kg7 31. Qe2 Qb1+ 32. Kh2 Qb8+ 33. g3 1-0

[Event "Titled Tue 3rd Jan Late"]
[Site "chess.com INT"]
[Date "2025.06.03"]
[Round "7"]
[White "Yushko, Olga"]
[Black "Yevchenko, Oleksandr"]
[Result "1/2-1/2"]
[WhiteTitle "WFM"]
[BlackTitle "CM"]
[WhiteElo "2036"]
[BlackElo "2276"]
[WhiteFideId "14114500"]
[BlackFideId "14108267"]
[EventDate "2025.06.03"]

1. d4 Nf6 2. c4 e6 3. Nc3 Bb4 4. f3 d5 5. e3 O-O 6. a3 Bxc3+ 7. bxc3 c5 8. cxd5
exd5 9. Bd3 Qa5 10. Ne2 Nc6 11. O-O b6 12. c4 Ba6 13. cxd5 Bxd3 14. Qxd3 Nxd5
15. Bd2 Qa4 16. dxc5 Rad8 17. Nc3 Nxc3 18. Qxc3 bxc5 19. Rf2 Rd5 20. e4 Rd4 21.
Rc1 Rfd8 22. Qxc5 Rxd2 23. Qxc6 Qd4 24. Rf1 Rxf2 25. Rxf2 Qa1+ 26. Rf1 Qxa3 27.
Qc7 Qe3+ 28. Kh1 Re8 29. Ra1 h6 30. Qxa7 Qc3 31. Qa3 Qe5 32. Qa5 Qd4 33. Qa4 Qe5
34. Rd1 Rc8 35. h3 Qc7 36. Qd4 Qf4 37. Qd2 Qg3 38. Qe1 Qf4 39. Qd2 Qg3 40. Qd6
Qg5 41. Qd2 Qg3 1/2-1/2

[Event "Titled Tue 3rd Jan Late"]
[Site "chess.com INT"]
[Date "2025.06.03"]
[Round "7"]
[White "Gurevich, Dmitry"]
[Black "Thorhallsson, Simon"]
[Result "0-1"]
[WhiteTitle "GM"]
[BlackTitle "FM"]
[WhiteElo "2347"]
[BlackElo "2218"]
[WhiteFideId "2000407"]
[BlackFideId "2310090"]
[EventDate "2025.06.03"]

1. d4 g6 2. e4 Bg7 3. Nf3 d6 4. c3 Nf6 5. Bd3 O-O 6. O-O e5 7. Re1 Nc6 8. h3 Re8
9. d5 Nb8 10. c4 a5 11. Nc3 Na6 12. a3 Nc5 13. Bc2 Bd7 14. Be3 Na6 15. Rb1 b6
16. b4 axb4 17. axb4 Rf8 18. g4 h5 19. Nh2 hxg4 20. hxg4 Nh7 21. Qd2 f5 22. exf5
gxf5 23. Bxf5 Rxf5 24. gxf5 Bxf5 25. Rb3 Qh4 26. c5 Kh8 27. Kh1 Nxb4 28. cxb6
cxb6 29. f3 Nd3 30. Rg1 Nf4 31. Bxf4 exf4 32. Ne4 Bxe4 33. fxe4 Ng5 34. Qg2 Bf6
35. Qg4 Qh7 36. Qf5 Qh6 37. Rxb6 Nf3 0-1

[Event "Titled Tue 3rd Jan Late"]
[Site "chess.com INT"]
[Date "2025.06.03"]
[Round "7"]
[White "Bratovic, Blaz"]
[Black "Postny, Evgeny"]
[Result "0-1"]
[WhiteTitle "IM"]
[BlackTitle "GM"]
[WhiteElo "2319"]
[BlackElo "2525"]
[WhiteFideId "14603551"]
[BlackFideId "2804344"]
[EventDate "2025.06.03"]

1. e4 c5 2. Nf3 Nc6 3. Bb5 e5 4. Nc3 Bd6 5. O-O Nge7 6. d3 O-O 7. a4 Bc7 8. Bc4
d6 9. Bg5 Kh8 10. Nd5 f6 11. Be3 Nxd5 12. Bxd5 Ne7 13. Bb3 Qe8 14. Nd2 f5 15. f4
exf4 16. Bxf4 Ng6 17. Bg5 Be6 18. Bxe6 Qxe6 19. Qh5 f4 20. Nf3 h6 21. Nh4 Nxh4
22. Qxh4 d5 23. exd5 Qxd5 24. Bxh6 Qd4+ 25. Kh1 gxh6 26. Qxh6+ Kg8 27. Rae1 Rf7
28. Re6 Rg7 29. Rg6 Rf8 30. Re1 Rxg6 31. Qxg6+ Qg7 32. Qe6+ Rf7 33. Qc8+ Kh7 34.
Qxb7 f3 35. Qe4+ Qg6 36. gxf3 Qxe4 37. Rxe4 Kg6 38. Kg2 Kf5 39. Rc4 Bd6 40. Rg4
Re7 41. Re4 Rg7+ 42. Kf2 Bxh2 43. Re8 Bg1+ 44. Kf1 Bd4 45. c3 Rg1+ 46. Ke2 Be5
47. Rc8 Rg2+ 48. Kf1 Rxb2 49. Rxc5 Kf4 50. Rc8 Kxf3 51. Rf8+ Bf4 0-1

[Event "Titled Tue 3rd Jan Late"]
[Site "chess.com INT"]
[Date "2025.06.03"]
[Round "7"]
[White "Pulido Alvarez, Ariel"]
[Black "Nguyen Hong Nhung"]
[Result "0-1"]
[WhiteTitle "FM"]
[BlackTitle "WFM"]
[WhiteElo "2252"]
[BlackElo "2197"]
[WhiteFideId "3503011"]
[BlackFideId "12412201"]
[EventDate "2025.06.03"]

1. e4 c5 2. d4 cxd4 3. c3 Nf6 4. e5 Nd5 5. Nf3 e6 6. cxd4 d6 7. exd6 Bxd6 8. Bd3
O-O 9. O-O b6 10. Nc3 Bb7 11. Qe2 Nxc3 12. bxc3 Nd7 13. Bg5 Qc7 14. h3 Qxc3 15.
Rac1 Qa5 16. Bh4 Rac8 17. Rcd1 Qh5 18. Be4 Bxe4 19. Qxe4 b5 20. d5 Rc4 21. Qb1
exd5 22. Qxb5 Nb6 23. Rfe1 Rxh4 24. Nxh4 Qxh4 25. Qc6 Qf4 26. g3 Qf6 27. Re8 h6
28. Rxf8+ Kxf8 29. Re1 Kg8 30. Re8+ Kh7 31. Qc2+ Qg6 32. Qd2 Bc5 33. Kg2 Qf5 34.
h4 Nc4 35. Qe2 Nd6 36. Ra8 Ne4 37. Qf3 Qxf3+ 38. Kxf3 Nxf2 39. Rc8 Bb6 40. Rd8
Bxd8 41. Kxf2 Bb6+ 0-1

[Event "Titled Tue 3rd Jan Late"]
[Site "chess.com INT"]
[Date "2025.06.03"]
[Round "7"]
[White "Alvarado, Carlos"]
[Black "Cernov, Henrik"]
[Result "1-0"]
[WhiteTitle "CM"]
[BlackTitle "FM"]
[WhiteElo "2032"]
[BlackElo "2325"]
[WhiteFideId "3800555"]
[BlackFideId "16258312"]
[EventDate "2025.06.03"]

1. Nf3 Nf6 2. d4 e6 3. Bf4 c5 4. c3 Nc6 5. e3 d5 6. Nbd2 cxd4 7. exd4 Nh5 8. Bg5
f6 9. Bh4 g6 10. Bb5 Ng7 11. O-O Nf5 12. Re1 Be7 13. Nf1 h5 14. Bg3 g5 15. h4
gxh4 16. Nxh4 Nxg3 17. Nxg3 f5 18. Ng6 Rh6 19. Nxe7 Qxe7 20. Nxf5 Qf6 21. Bxc6+
bxc6 22. Nxh6 Qxh6 23. Qc1 Qg6 24. Qf4 Bd7 25. Re3 O-O-O 26. Rg3 Qc2 27. Qc1 Qe4
28. b4 h4 29. Rg7 Rh8 30. Qe3 Qf5 31. Qe5 Qf8 32. Rf7 Qe8 33. a4 h3 34. g3 h2+
35. Kh1 Rg8 36. Rf4 Qg6 37. b5 cxb5 38. axb5 Kb7 39. Qd6 Bc8 40. Qa6+ Kc7 41.
Qxa7+ Kd8 42. Qb6+ Ke7 43. Ra7+ Bd7 44. Qc5+ Ke8 45. Ra8+ Bc8 46. Rxc8+ Kd7 47.
Qc6+ Ke7 48. Rc7+ Kd8 49. Qd7# 1-0

[Event "Titled Tue 3rd Jan Late"]
[Site "chess.com INT"]
[Date "2025.06.03"]
[Round "7"]
[White "Calvo Gonzalez, Jose Felix"]
[Black "Araujo Filho, Luiz Antonio Coel"]
[Result "1-0"]
[WhiteTitle "CM"]
[WhiteElo "2168"]
[BlackElo "2077"]
[WhiteFideId "54505615"]
[BlackFideId "2130661"]
[EventDate "2025.06.03"]

1. e4 c6 2. d4 d5 3. exd5 cxd5 4. c4 Nf6 5. Nc3 Nc6 6. Nf3 e6 7. Bg5 Be7 8. c5
O-O 9. Bd3 b6 10. cxb6 Qxb6 11. Rb1 Nb4 12. Be2 Ba6 13. O-O h6 14. Bh4 Bxe2 15.
Qxe2 Rac8 16. Rfd1 Nc6 17. Rbc1 Rfe8 18. h3 Rb8 19. b3 Rbc8 20. Na4 Qb4 21. Qd2
Ne4 22. Qxb4 Bxb4 23. Rc2 g5 24. Rdc1 Ne7 25. Bg3 Nxg3 26. fxg3 Rxc2 27. Rxc2
Rc8 28. Rxc8+ Nxc8 29. Kf2 Nd6 30. Ke3 Nf5+ 31. Kf2 Kg7 32. g4 Nd6 33. Ke3 Ne4
34. Nb2 f6 35. Nd3 Bd6 36. b4 Nc3 37. a3 Nb1 38. a4 Nc3 39. a5 Bc7 40. Nd2 e5
41. Nc5 Na2 42. Ne6+ 1-0

[Event "Titled Tue 3rd Jan Late"]
[Site "chess.com INT"]
[Date "2025.06.03"]
[Round "7"]
[White "Toktomushev, Teimur"]
[Black "Dovgaliuk, Oleksandr"]
[Result "1-0"]
[WhiteTitle "FM"]
[WhiteElo "2398"]
[BlackElo "2240"]
[WhiteFideId "14176726"]
[BlackFideId "14167247"]
[EventDate "2025.06.03"]

1. d4 Nf6 2. c4 g6 3. Nc3 d5 4. cxd5 Nxd5 5. e4 Nxc3 6. bxc3 Bg7 7. Be3 c5 8.
Qd2 O-O 9. Nf3 Nc6 10. d5 Ne5 11. Nxe5 Bxe5 12. Rc1 Qa5 13. Be2 Bd7 14. O-O Bg7
15. f4 Rfd8 16. Bf3 e6 17. c4 Qxd2 18. Bxd2 exd5 19. cxd5 Bd4+ 20. Kh1 b5 21.
Rfe1 b4 22. Be3 Bxe3 23. Rxe3 Rdc8 24. e5 Rab8 25. Be2 Bb5 26. Bc4 a5 27. d6 a4
28. Kg1 Kf8 29. Kf2 Bxc4 30. Rxc4 b3 31. axb3 axb3 32. Re1 Ke8 33. Ke2 Kd7 34.
Kd2 Rb4 35. Kc3 Rcb8 36. Rxc5 Rxf4 37. Rc7+ Kd8 38. Re2 b2 39. Rxb2 Rxb2 40.
Kxb2 Rf2+ 41. Kc3 Rxg2 42. Rxf7 Rxh2 43. e6 Re2 44. Rf8# 1-0

[Event "Titled Tue 3rd Jan Late"]
[Site "chess.com INT"]
[Date "2025.06.03"]
[Round "7"]
[White "Bortnyk, Olexandr"]
[Black "Panarin, Mikhail"]
[Result "0-1"]
[WhiteTitle "GM"]
[BlackTitle "GM"]
[WhiteElo "2601"]
[BlackElo "2562"]
[WhiteFideId "14120828"]
[BlackFideId "4153251"]
[EventDate "2025.06.03"]

1. d4 Nf6 2. Nc3 d5 3. Bf4 c5 4. e4 Nxe4 5. Nxe4 dxe4 6. dxc5 Qa5+ 7. c3 Qxc5 8.
Qa4+ Nc6 9. Qxe4 g6 10. Nf3 Bg7 11. Rd1 O-O 12. Be3 Qa5 13. Bc4 Bf5 14. Qh4 Rac8
15. O-O Ne5 16. Nxe5 Bxe5 17. Bg5 Bxh2+ 18. Kxh2 Qc7+ 19. f4 Qxc4 20. Bxe7 Rfe8
21. Bf6 h5 22. Qg5 Rc6 23. Rfe1 Rec8 24. Re5 Rxf6 25. Qxf6 Qxf4+ 26. Kg1 Qg4 27.
Rd8+ Rxd8 28. Qxd8+ Kh7 29. Re8 Be4 30. Qd2 h4 31. Qf2 Bd5 32. Re3 g5 33. Qe2
Qf4 34. Qd3+ Kh6 35. Qd4 Qf5 36. Qh8+ Kg6 37. Re5 Qb1+ 38. Kh2 Qc1 39. Qg8+ Kf6
40. Qh8+ Kg6 41. Qg8+ Kf6 42. Rxd5 Qf4+ 43. Kh3 Qg3# 0-1

[Event "Titled Tue 3rd Jan Late"]
[Site "chess.com INT"]
[Date "2025.06.03"]
[Round "7"]
[White "Muromtsev, Arthur"]
[Black "Mai, Alexander Oliver"]
[Result "1-0"]
[WhiteTitle "FM"]
[WhiteElo "1967"]
[BlackElo "2171"]
[WhiteFideId "4177002"]
[BlackFideId "2313391"]
[EventDate "2025.06.03"]

1. e4 e5 2. Nc3 Nf6 3. g3 d5 4. exd5 Nxd5 5. Bg2 Nxc3 6. bxc3 Bc5 7. Nf3 Nc6 8.
O-O O-O 9. d3 f6 10. Nh4 Bb6 11. Qh5 Be6 12. Be4 f5 13. Bxf5 Bxf5 14. Nxf5 Qf6
15. Ne3 Rad8 16. Kg2 g6 17. Qg4 h5 18. Qc4+ Kg7 19. Qe4 Rh8 20. f4 exf4 21. Rxf4
Qxc3 22. Rb1 Bd4 23. Bb2 Qd2+ 24. Rf2 Qa5 25. Bxd4+ Rxd4 26. Qe6 Nd8 27. Qe7+
Kh6 28. Nf5+ gxf5 29. Qf6+ Kh7 30. Qxd4 Ne6 31. Qe3 Qd5+ 32. Qf3 Qxf3+ 33. Rxf3
Kg6 34. Rxb7 a5 35. Ra7 Rd8 36. Ra6 Kf6 37. Re3 Re8 38. d4 c6 39. Rxc6 f4 40.
Rexe6+ Rxe6 41. Rxe6+ Kxe6 42. gxf4 Kd5 43. f5 1-0

[Event "Titled Tue 3rd Jan Late"]
[Site "chess.com INT"]
[Date "2025.06.03"]
[Round "7"]
[White "Munoz Ramos, Christopher"]
[Black "Ismagilov, Damir"]
[Result "0-1"]
[WhiteTitle "FM"]
[BlackTitle "CM"]
[WhiteElo "2133"]
[BlackElo "2173"]
[WhiteFideId "3439615"]
[BlackFideId "34199982"]
[EventDate "2025.06.03"]

1. d4 Nf6 2. c4 e6 3. Nf3 d5 4. g3 Bb4+ 5. Nbd2 O-O 6. Bg2 b6 7. O-O Bb7 8. cxd5
exd5 9. a3 Bd6 10. Qc2 Nbd7 11. b4 a5 12. bxa5 Rxa5 13. Nb3 Ra4 14. Nc5 Rc4 15.
Nxb7 Rxc2 16. Nxd8 Rxd8 17. e3 Ne4 18. Ne1 Rc3 19. Bxe4 dxe4 20. f3 Nf6 21. a4
Ra8 22. Bd2 Rb3 23. a5 Rb2 24. Bc3 Re2 25. axb6 Rxa1 26. Bxa1 cxb6 27. Ng2 g5
28. d5 Nxd5 29. fxe4 Rxg2+ 30. Kxg2 Nxe3+ 31. Kf2 Nxf1 32. Kxf1 Kf8 33. Bf6 g4
34. Ke2 Bc5 35. Bg5 Ke8 36. e5 Kd7 37. Kd3 Ke6 38. Ke4 Bg1 39. Kf4 h5 40. Bd8 b5
41. Ba5 Bxh2 42. Bb6 b4 43. Bd4 b3 44. Bb2 h4 45. Kxg4 Bxg3 46. Kh5 Bxe5 47. Bc1
h3 48. Kg5 h2 49. Be3 h1=Q 50. Kg4 Qg2+ 51. Kh4 Qg3+ 52. Kh5 Kf5 53. Bf4 Qh3# 0-1

[Event "Titled Tue 3rd Jan Late"]
[Site "chess.com INT"]
[Date "2025.06.03"]
[Round "7"]
[White "Garzon Zapatanga, Christopher Leonel"]
[Black "Zhukovskyi, Oleksandr"]
[Result "0-1"]
[WhiteTitle "FM"]
[BlackTitle "CM"]
[WhiteElo "2168"]
[BlackElo "2153"]
[WhiteFideId "3634787"]
[BlackFideId "14169371"]
[EventDate "2025.06.03"]

1. b3 e5 2. Bb2 Nc6 3. e3 Nf6 4. Bb5 d6 5. Ne2 Be7 6. d4 exd4 7. Nxd4 Bd7 8. Nd2
O-O 9. Nxc6 Bxc6 10. Bxc6 bxc6 11. Qf3 Qd7 12. O-O a5 13. a4 Ra6 14. Rfd1 Qe6
15. Qe2 Raa8 16. Qc4 d5 17. Qe2 c5 18. Nf3 Ne4 19. Nd2 c6 20. Nxe4 Qxe4 21. Rd3
Rfb8 22. Bc3 Bg5 23. Qf3 Qe6 24. Rad1 Re8 25. g3 h6 26. h4 Bd8 27. Kg2 Bb6 28.
Ba1 Qe4 29. Bb2 c4 30. bxc4 Qxc4 31. Bd4 Bxd4 32. Rxd4 Qxc2 33. Rf4 Re7 34. Rdd4
Rb8 35. Rg4 Rb1 36. Qf6 Kf8 37. Qxg7+ Ke8 38. Qg8+ Kd7 39. Qg7 Qc1 40. Kf3 Qh1+
41. Kf4 Re4+ 42. Kf5 Qf3+ 43. Rf4 Qh5+ 44. Kf6 Re6# 0-1

[Event "Titled Tue 3rd Jan Late"]
[Site "chess.com INT"]
[Date "2025.06.03"]
[Round "7"]
[White "Ahmad, Khagan"]
[Black "Yurtseven, Melih"]
[Result "1-0"]
[WhiteTitle "IM"]
[BlackTitle "IM"]
[WhiteElo "2405"]
[BlackElo "2339"]
[WhiteFideId "13431552"]
[BlackFideId "6312160"]
[EventDate "2025.06.03"]

1. d4 Nf6 2. c4 e6 3. Nf3 c5 4. d5 exd5 5. cxd5 g6 6. Nc3 d6 7. Bf4 a6 8. a4 Nh5
9. Bg5 Qc7 10. Qd2 Bg7 11. Qe3+ Kf8 12. Bh6 Nd7 13. g4 Nhf6 14. Bh3 Ne8 15. Ne4
Ndf6 16. Bxg7+ Kxg7 17. Qc3 Qe7 18. Nfd2 h6 19. O-O-O Kh7 20. Nxf6+ Nxf6 21. e4
Bxg4 22. Bxg4 Nxg4 23. Rhg1 Nf6 24. Rde1 Rhe8 25. f4 b5 26. f5 Qe5 27. Qh3 c4
28. fxg6+ fxg6 29. Nf3 Qf4+ 30. Kc2 Re5 31. Nxe5 Qxe5 32. Qf3 bxa4 33. Qc3 Qe7
34. e5 Nxd5 35. Qxc4 Qe6 36. Kb1 a3 37. exd6 a2+ 38. Ka1 Qxd6 39. Rd1 Rd8 40.
Rgf1 Qe6 41. Qxa2 Rd7 42. Qb3 1-0